|
|
|
|
| LEADER |
02380nam a2200397 i 4500 |
| 001 |
39032 |
| 003 |
BD-DhAAL |
| 008 |
220627t2021 nyu b 001 0 eng d |
| 999 |
|
|
|c 44314
|d 44314
|
| 010 |
|
|
|a 2019017349
|
| 020 |
|
|
|a 9780190853501
|
| 020 |
|
|
|a 9780190853464
|
| 040 |
|
|
|a DLC
|b eng
|c DLC
|e rda
|d DLC
|d BD-DhAAL
|
| 042 |
|
|
|a pcc
|
| 050 |
0 |
0 |
|a TK7867
|b .S39 2020
|
| 082 |
0 |
0 |
|a 621.3815
|2 23
|
| 245 |
1 |
0 |
|a Microelectronic circuits /
|c Adel S. Sedra... [et al.].
|
| 250 |
|
|
|a Eighth edition.
|
| 264 |
|
1 |
|a New York ;
|a Oxford :
|b Oxford University Press,
|c c2021.
|
| 300 |
|
|
|a xxviii, 1212 pages :
|b illustrations ;
|c 27 cm.
|
| 504 |
|
|
|a Includes bibliographical references and index.
|
| 505 |
0 |
|
|a Signals and amplifiers -- Operational amplifiers -- Semiconductors -- Diodes -- Mos field-effect transistors (MOSFETs) -- Bipolar junction transistors (BJTs) -- Transistor amplifiers -- Building blocks of integrated-circuit amplifiers -- Differential and multistage amplifiers -- Frequency response -- Feedback -- Output stages and power amplifiers -- Operational amplifier circuits -- Digital integrated circuits -- Filters -- Oscillators -- Cmos digital logic circuits -- Digital Desing: power, speed, and area -- Memory and clocking, circuits.
|
| 526 |
|
|
|a EEE
|
| 541 |
|
|
|a Trim Education
|e 39032, 39033, 39034
|
| 650 |
|
0 |
|a Electronic circuits.
|9 49723
|
| 650 |
|
0 |
|a Microelectronics.
|9 49724
|
| 650 |
|
0 |
|a Electrical engineering.
|9 49725
|
| 700 |
1 |
|
|a Sedra, Adel S.,
|e author.
|9 49726
|
| 700 |
1 |
|
|a Smith, Kenneth C.
|e (Kenneth Carless),
|q author.
|9 49727
|
| 700 |
1 |
|
|a Carusone, Tony Chan,
|e author.
|9 49728
|
| 700 |
1 |
|
|a Gaudet, Vincent,
|e author.
|9 49729
|
| 852 |
|
|
|a Ayesha Abed Library
|c General Stacks
|
| 942 |
|
|
|2 ddc
|c BK
|
| 952 |
|
|
|0 0
|1 0
|2 ddc
|4 0
|6 621_381500000000000_MIC
|7 0
|9 71100
|a BRACUL
|b BRACUL
|c GEN
|d 2022-06-23
|e Trim Education
|g 7500.00
|l 10
|m 136
|o 621.3815 MIC
|p 3010039033
|q 2026-06-02
|r 2026-01-31
|s 2026-01-31
|t 2
|v 7500.00
|w 2022-06-23
|y BK
|
| 952 |
|
|
|0 0
|1 0
|2 ddc
|4 0
|6 621_381500000000000_MIC
|7 0
|9 71101
|a BRACUL
|b BRACUL
|c GEN
|d 2022-06-23
|e Trim Education
|g 7500.00
|l 5
|m 63
|o 621.3815 MIC
|p 3010039034
|q 2026-07-26
|r 2025-07-30
|s 2025-07-30
|t 3
|v 7500.00
|w 2022-06-23
|y BK
|
| 952 |
|
|
|0 0
|1 0
|2 ddc
|4 0
|6 621_381500000000000_MIC
|7 0
|9 71102
|a BRACUL
|b BRACUL
|c GEN
|d 2022-06-23
|e Trim Education
|g 7500.00
|l 10
|m 107
|o 621.3815 MIC
|p 3010039032
|r 2026-05-20
|s 2026-01-19
|t 1
|v 7500.00
|w 2022-06-23
|y BK
|